• 首页
  • 本馆介绍
  • 公告通知
  • 最新文献
  • 馆藏检索
  • 电子资源
  • 读者导购
  • 参考咨询
  • 我的图书馆
  • 登录
  • 详细信息显示
  • 放入我的书架
  • 预约/预借图书
  • 作者相关作品
  • 分类相关作品
  • 丛书相关作品
  • 出版社相关作品

书目信息

  • 表格格式
  • 工作单格式
  • 卡片格式
题名:
马国亮与赵家璧
    
 
作者: 赵修慧 , 马庸子 编
分册:  
出版信息: 青岛   青岛出版社  2014
页数: 293页
开本: 22cm
丛书名:
单 册:
中图分类: K825.42
科图分类:
主题词: 出版工作者--生平事迹--中国--现代
电子资源:
ISBN: 978-7-5436-9850-5
000 00910nam0 2200277 45
001 012001005167
005 20141007175927.0
010    @a978-7-5436-9850-5@dCNY36.80
100    @a20140429d2014 em y0chiy50 ea
101 0  @achi
102    @aCN@b370000
105    @aa z 000yd
106    @ar
200 1  @a马国亮与赵家璧@9ma guo liang yu zhao jia bi@f赵修慧,马庸子编
210    @a青岛@c青岛出版社@d2014
215    @a293页@c图,照片@d22cm
300    @a良友书坊·闲话文库/臧杰主编
330    @a本书披露了马国亮与赵家璧两位文化大家的交往史,并首次刊载了两人在1980年以后的近百封通信,为文化史提供了生动的注脚。
606 0  @a出版工作者@x生平事迹@y中国@z现代
610 0  @a马国亮(1908-2002)
610 0  @a赵家璧(1908-1997)
690    @aK825.42@v5
701  0 @a赵修慧@9zhao xiu hui@4编
701  0 @a马庸子@9ma yong zi@4编
801  0 @aCN@b上海新华@c20180901
905    @b1172958-62@dK825.42@e1217@f5
    
    马国亮与赵家璧/赵修慧,马庸子编.-青岛:青岛出版社,2014
    293页:图,照片;22cm
    良友书坊·闲话文库/臧杰主编
    
    ISBN 978-7-5436-9850-5:CNY36.80
    本书披露了马国亮与赵家璧两位文化大家的交往史,并首次刊载了两人在1980年以后的近百封通信,为文化史提供了生动的注脚。
●
相关链接 在E读中查询图书 在五车中查询图书 在当当中查询图书 在豆瓣中查询图书


正题名:马国亮与赵家璧     索取号:K825.42/1217         预约/预借

序号 登录号 条形码 馆藏地/架位号 状态 备注
1 1172958   211729584   第二样本阅览室/ [索取号:K825.42/1217] 在馆    
2 1172959   211729593   第二借阅区/ [索取号:K825.42/1217] 在馆    
3 1172960   211729600   第二借阅区/ [索取号:K825.42/1217] 在馆    
4 1172961   211729619   密集书库-史法系/ [索取号:K825.42/1217] 在馆    
5 1172962   211729628   第二借阅区/ [索取号:K825.42/1217] 在馆    
唐山师范学院图书馆 欢迎您!
大连网信软件有限公司© 版权所有